| 000 | 01033nam a22002897a 4500 | ||
|---|---|---|---|
| 003 | EG-ScBUE | ||
| 005 | 20220524141334.0 | ||
| 008 | 130924s2005 enka f 000 0 eng d | ||
| 020 | _a1405082011 | ||
| 020 | _a9781405082013 | ||
| 040 |
_aEG-ScBUE _beng _erda _cEG-ScBUE _dEG-ScBUE |
||
| 082 |
_a428.24 _bIEL _222 |
||
| 245 | 0 | 0 |
_aIELTS foundation : _ba self-study course for all general training modules / _cAmanda French [and three others] |
| 264 | 1 |
_aOxford : _bMacmillan Education, _c2005. |
|
| 300 |
_a112 pages : _billustrations ; _c28 cm |
||
| 336 |
_2rdacontent _atext _btxt |
||
| 337 |
_2rdamedia _aunmediated _bn |
||
| 338 |
_2rdacarrier _avolume _bnc |
||
| 650 | 7 |
_98449 _aEnglish language _vProblems, exercises. _2BUEsh |
|
| 650 | 7 |
_943 _aEnglish language _vTextbooks for foreign speakers. _2BUEsh |
|
| 650 | 7 |
_935 _aInternational English Language Testing System. _2BUEsh |
|
| 651 | _2BUEsh | ||
| 653 |
_cOctober2013 _bHHUUEENN |
||
| 655 |
_vReading book _934232 |
||
| 700 | 1 |
_aFrench, Amanda, _eauthor. |
|
| 942 |
_2ddc _cBB |
||
| 999 |
_c17608 _d17580 |
||